| 000 | 00451pam a2200169 a 4500 | ||
|---|---|---|---|
| 020 |
_a9871555813642 _c |
||
| 041 | _h | ||
| 082 |
_a576 _bDET |
||
| 100 | _aDetrick, Barbara. | ||
| 245 |
_aManual of Molecular and Clinical Laboratory Immunology _hTextual Documents |
||
| 250 | _a7th ed. | ||
| 260 |
_awashington: _bASM Press, _c2006. |
||
| 300 | _a1340. | ||
| 653 | _aMicrobiology | ||
| 700 |
_aHamilton, Robert. G. _aFolds, James. D. |
||
| 930 | _a1063 | ||
| 999 |
_c74361 _d74361 |
||